000 01260nam a22004217a 4500
003 OSt
005 20230817085444.0
008 221006b |||||||| |||| 00| 0 eng d
020 _a9 771518 578008
040 _cBiblioteca Lado V
082 _a306.4
_bP782a
100 _9944
_aPolydoro, Jorge
_eeditor
245 _aAplauso/
_bCultura em Revista/
260 _bLei de Incentivo a Cultura
_c2005
_aBrasil
300 _c23x28cm
_a50p.
490 _a68
_v7
_x1518-5788
505 _tEntrevista a batida do funk chega a telona
505 _tStereo
505 _tSamba Cariucho
505 _tPalco
505 _tO saldo do Em Cena
505 _tEspecial o que acontece na Usina?
505 _tImago
505 _tSpot
505 _tSerie Arte Contemporánea
505 _tDanca
505 _tSpot
505 _tPara Pensar a Bienal
505 _tCinefilo
505 _tSerie Combates Farroupilhas
505 _tLivros
505 _tTraco
650 _2Tesauro de Arte & Arquitectura
_aARTE
_9703
650 _2Tesauro de Arte & Arquitectura
_aCULTURA
650 _2Tesauro de Arte & Arquitectura
_aEXPRESION CULTURAL
651 _2Tesauro de Arte & Arquitectura
_aBRASIL
942 _2ddc
_c1
_h306.4
_iP782a
_n0
999 _c4145
_d4145